[Event "ICS rated blitz match"]
[Site "204.178.125.65"]
[Date "2000.03.13"]
[Round "?"]
[White "Hossa"]
[Black "Kair"]
[Result "0-1"]
[WhiteElo "2550"]
[BlackElo "2559"]
[PlyCount "140"]

1. e4 e5 2. Nf3 Nc6 3. Bb5 a6 4. Ba4 Nf6 5. O-O Be7 6. Re1 b5 7. Bb3 d6 8. c3
O-O 9. h3 Na5 10. Bc2 c5 11. d4 Qc7 12. Nbd2 cxd4 13. cxd4 Nc6 14. Nf1 exd4 15.
Re2 Be6 16. Nxd4 Rac8 17. Nxc6 Qxc6 18. Bf4 d5 19. exd5 Nxd5 20. Qd3 g6 21. Qd4
Rfd8 22. Bb3 g5 23. Be5 Nf4 24. Qe4 Bf5 25. Bxf7+ Kf8 26. Qxc6 Nxe2+ 27. Kh2
Rxc6 28. Bh5 Rc5 29. Bh8 Nf4 30. Bf3 Nd3 31. Kg1 Kf7 32. Bc3 b4 33. Bd2 Rc2 34.
a3 b3 35. Ba5 Rxb2 36. Ne3 g4 37. Bxd8 Bxd8 38. Bd5+ Kf6 39. hxg4 Bg6 40. Rf1
Nc5 41. Rd1 Rb1 42. Rxb1 Bxb1 43. f4 b2 44. Nd1 Na4 45. Bc4 a5 46. Bd5 Be7 47.
Bb3 Be4 48. Nxb2 Nxb2 49. g5+ Kf5 50. g3 Bxa3 51. Kh2 a4 52. Bf7 Bc5 53. Kh3 a3
54. Ba2 Nd3 55. Bf7 Nxf4+ 56. gxf4 Kxf4 57. Kh2 Bb1 58. Kh3 a2 59. Bxa2 Bxa2
60. Kg2 Bd5+ 61. Kf1 Kxg5 62. Ke2 h5 63. Kd3 h4 64. Kc2 h3 65. Kd3 h2 66. Kd2
h1=Q 67. Kc2 Be4+ 68. Kd2 Qf3 69. Kc1 Qc3+ 70. Kd1 Bf3# 0-1

[Event "ICS rated blitz match"]
[Site "204.178.125.65"]
[Date "2000.03.13"]
[Round "?"]
[White "Kair"]
[Black "Hossa"]
[Result "1-0"]
[WhiteElo "2575"]
[BlackElo "2534"]
[PlyCount "153"]
[EventDate "2000.??.??"]

1. e4 e5 2. Nf3 Nc6 3. Bb5 a6 4. Ba4 Nf6 5. O-O Be7 6. Re1 b5 7. Bb3 O-O 8. c3
d5 9. exd5 Nxd5 10. Nxe5 Nxe5 11. Rxe5 c6 12. d4 Bd6 13. Re1 Qh4 14. g3 Qh3 15.
Be3 Bg4 16. Qd3 Rae8 17. Nd2 Re6 18. Qf1 Qh5 19. a4 Bh3 20. Bd1 Qf5 21. Qe2 Bf4
22. Qf3 Rfe8 23. axb5 Nxe3 24. Bb3 Nd5 25. Rxe6 Qxe6 26. Nf1 axb5 27. Bxd5 cxd5
28. gxf4 Qg6+ 29. Qg3 Bxf1 30. Qxg6 fxg6 31. Kxf1 Rb8 32. Ke2 b4 33. Ra5 bxc3
34. bxc3 Rb2+ 35. Kf1 Rb3 36. Rxd5 Rxc3 37. Rd7 Rf3 38. d5 Rxf4 39. d6 Rd4 40.
Ke2 g5 41. Ke3 Rd1 42. Ke2 Rd4 43. f3 h5 44. h3 Rd5 45. Ke3 Rd1 46. Ke4 Kh7 47.
Ke5 Re1+ 48. Kf5 Re3 49. Kxg5 Rxf3 50. Rc7 Rxh3 51. d7 Rd3 52. Kf5 Rd6 53. Ke5
Rd3 54. Ke6 Re3+ 55. Kd6 Rd3+ 56. Ke7 g5 57. Ke6 Kg6 58. Ke5 Rxd7 59. Rxd7 h4
60. Rd8 Kf7 61. Kf5 Ke7 62. Rd3 h3 63. Rxh3 Kd6 64. Rg3 Kd5 65. Rxg5 Kc5 66.
Ke5 Kc4 67. Ke4 Kc3 68. Rh5 Kc4 69. Ke3 Kb3 70. Kd3 Kb4 71. Rg5 Kb3 72. Rb5+
Ka4 73. Kc4 Ka3 74. Rb8 Ka2 75. Kc3 Ka1 76. Kc2 Ka2 77. Ra8# 1-0

[Event "ICS rated blitz match"]
[Site "204.178.125.65"]
[Date "2000.03.13"]
[Round "?"]
[White "Hossa"]
[Black "Kair"]
[Result "0-1"]
[WhiteElo "2520"]
[BlackElo "2589"]
[PlyCount "162"]
[EventDate "2000.??.??"]

1. e4 e5 2. Nf3 Nc6 3. Bb5 a6 4. Ba4 Nf6 5. O-O Be7 6. Re1 b5 7. Bb3 d6 8. c3
O-O 9. h3 Na5 10. Bc2 c5 11. d4 Qc7 12. Nbd2 cxd4 13. cxd4 Nc6 14. a3 Bd7 15.
Nb3 Rfc8 16. Bd2 a5 17. d5 Nd8 18. Rc1 Nb7 19. Bb1 Qd8 20. Be3 Rxc1 21. Nxc1
Rc8 22. Qd2 a4 23. Ne2 Na5 24. Rc1 Nc4 25. Qc3 Nxe3 26. Qxe3 Rxc1+ 27. Qxc1 Ne8
28. Qe3 Nc7 29. Qa7 Bf8 30. Ba2 g6 31. Qb7 f5 32. Nc3 fxe4 33. Nxe4 Bf5 34. Nc3
Bd7 35. Bb1 Be8 36. Bd3 Qe7 37. Nd2 Qf7 38. Nde4 Qe7 39. Qb8 Bf7 40. Nxd6 Qxd6
41. Ne4 Na6 42. Qxd6 Bxd6 43. Nxd6 Bxd5 44. Bxb5 Nc5 45. h4 Kg7 46. Kh2 Kf6 47.
Ne8+ Ke7 48. Nc7 Kd6 49. Na6 Bb3 50. Nxc5 Kxc5 51. Bd3 Kd4 52. Be2 e4 53. Bb5
e3 54. Kg3 Bd1 55. fxe3+ Kxe3 56. Bc4 Kd2 57. Bg8 h5 58. Bf7 Kc1 59. Kf4 Kxb2
60. Bxg6 Kxa3 61. g4 Bxg4 62. Bc2 Kb4 63. Be4 a3 64. Bd5 Be2 65. Ba2 Kc3 66.
Kg5 Bc4 67. Bb1 Kb2 68. Bg6 a2 69. Kxh5 a1=Q 70. Kh6 Kc1 71. h5 Qf6 72. Kh7 Qf8
73. Be4 Qe7+ 74. Kh6 Qxe4 75. Kg5 Qe7+ 76. Kf5 Bd3+ 77. Kf4 Kd2 78. Kg4 Qe4+
79. Kg3 Ke3 80. Kh2 Bf1 81. h6 Qg2# 0-1

[Event "ICS rated blitz match"]
[Site "204.178.125.65"]
[Date "2000.03.13"]
[Round "?"]
[White "Kair"]
[Black "Hossa"]
[Result "1-0"]
[WhiteElo "2602"]
[BlackElo "2507"]
[PlyCount "123"]
[EventDate "2000.??.??"]

1. e4 e5 2. Nf3 Nc6 3. Bb5 Nf6 4. O-O Bc5 5. c3 O-O 6. d4 Bb6 7. Bg5 a6 8. Bxc6
dxc6 9. Nxe5 Re8 10. Qf3 h6 11. Bh4 c5 12. dxc5 Bxc5 13. Rd1 Bd6 14. Bxf6 Qxf6
15. Qxf6 gxf6 16. Nc4 Rxe4 17. Nxd6 cxd6 18. Nd2 Rg4 19. f3 Rg6 20. Ne4 Bh3 21.
g3 Re8 22. Rxd6 Re6 23. Rad1 b6 24. Rxe6 Bxe6 25. Rd8+ Kh7 26. h4 h5 27. a3 f5
28. Ng5+ Kg7 29. Kf2 f4 30. gxf4 Bf5 31. Rd5 Rf6 32. Ke3 Be6 33. Re5 Rh6 34.
Kd4 Bb3 35. Ne4 f6 36. Re7+ Kf8 37. Rd7 b5 38. Nc5 Bc4 39. f5 Ke8 40. Rb7 Bf1
41. Nxa6 Kd8 42. Nc5 Kc8 43. Rg7 Be2 44. Ne4 Kb8 45. f4 Bf3 46. Nd6 Rh8 47. Kc5
Be2 48. Rf7 Ka8 49. Rxf6 Rb8 50. Rf7 Bd3 51. f6 Bc4 52. Re7 Bd3 53. f7 Bg6 54.
Nxb5 Rc8+ 55. Kb6 Bxf7 56. Ra7+ Kb8 57. Rxf7 Rg8 58. Na7 Rg6+ 59. Nc6+ Rxc6+
60. Kxc6 Ka8 61. Kb6 Kb8 62. Rf8# 1-0

[Event "ICS rated blitz match"]
[Site "204.178.125.65"]
[Date "2000.03.13"]
[Round "?"]
[White "Hossa"]
[Black "Kobra"]
[Result "1-0"]
[WhiteElo "2495"]
[BlackElo "2390"]
[PlyCount "73"]

1. e4 c5 2. Nf3 Nc6 3. d4 cxd4 4. Nxd4 g6 5. Nc3 Bg7 6. Be3 Nf6 7. Bc4 O-O 8.
Bb3 a5 9. f3 d5 10. Bxd5 Nxd4 11. Bxd4 a4 12. a3 Qa5 13. O-O e6 14. Bc4 Rd8 15.
e5 Nh5 16. Re1 Bf8 17. Ne4 Bg7 18. Nd6 Qc7 19. Bb5 Nf4 20. Re4 Nd5 21. c4 Ne7
22. Be8 Nf5 23. c5 Nxd6 24. exd6 Qa5 25. Bxg7 Rxe8 26. Qd4 b6 27. c6 Qc5 28. d7
Rd8 29. Bf6 Bxd7 30. Bxd8 Rxd8 31. Qxc5 bxc5 32. Rd1 Rb8 33. cxd7 Rxb2 34.
d8=Q+ Kg7 35. Rf4 Rb7 36. Qf6+ Kh6 37. Rh4# 1-0

[Event "ICS rated blitz match"]
[Site "204.178.125.65"]
[Date "2000.03.13"]
[Round "?"]
[White "Kobra"]
[Black "Hossa"]
[Result "1/2-1/2"]
[WhiteElo "2379"]
[BlackElo "2506"]
[PlyCount "166"]

1. e4 e5 2. Nf3 Nc6 3. Bb5 a6 4. Bxc6 dxc6 5. O-O f6 6. d4 exd4 7. Qxd4 Qxd4 8.
Nxd4 Bd7 9. Be3 Bd6 10. Nc3 O-O-O 11. Rfd1 Ne7 12. Nb3 Bg4 13. f3 Be6 14. Nc5
Bc4 15. b3 Be5 16. bxc4 Bxc3 17. Rxd8+ Rxd8 18. Rb1 b6 19. Ne6 Rg8 20. Rb3 Be5
21. f4 Kd7 22. Nxg7 Rxg7 23. fxe5 fxe5 24. c5 b5 25. Kf2 Rg4 26. Kf3 Rg8 27.
Ra3 Ra8 28. Bg5 Rf8+ 29. Ke3 Rg8 30. Bxe7 Kxe7 31. Rxa6 Rxg2 32. Rxc6 Kd7 33.
Rh6 Rxc2 34. Rxh7+ Kc6 35. h4 Rxa2 36. h5 Ra3+ 37. Kd2 Kxc5 38. Rxc7+ Kd4 39.
Rb7 Ra2+ 40. Kc1 Ra5 41. h6 Ra1+ 42. Kb2 Rh1 43. Rxb5 Kxe4 44. Rb6 Kf5 45. Kc3
Rh3+ 46. Kd2 Kf4 47. Rf6+ Ke4 48. Ra6 Rh2+ 49. Ke1 Ke3 50. Ra3+ Kf4 51. Ra6 Kf3
52. Ra3+ Kg4 53. Ra4+ Kf5 54. Ra6 Rh1+ 55. Ke2 Rh4 56. Kf3 Rh5 57. Kg3 Rg5+ 58.
Kh4 Rg4+ 59. Kh5 Rg1 60. Kh4 Rh1+ 61. Kg3 Ke4 62. Kg4 Rg1+ 63. Kh5 Kf5 64. Kh4
Rh1+ 65. Kg3 Ke4 66. Kf2 Kd5 67. Ke3 Rh3+ 68. Ke2 Rh2+ 69. Ke3 Rh5 70. Kf3 e4+
71. Kg4 Rh1 72. Kf4 Rh4+ 73. Kg5 Rh1 74. Kg6 e3 75. Ra7 Rg1+ 76. Kf6 e2 77. Re7
Rf1+ 78. Kg6 Rg1+ 79. Kf7 e1=Q 80. Rxe1 Rxe1 81. h7 Rf1+ 82. Kg7 Rg1+ 83. Kh8
Ke5 1/2-1/2

[Event "ICS rated blitz match"]
[Site "204.178.125.65"]
[Date "2000.03.13"]
[Round "?"]
[White "Hossa"]
[Black "Kobra"]
[Result "1-0"]
[WhiteElo "2500"]
[BlackElo "2385"]
[PlyCount "95"]

1. e4 c5 2. Nf3 Nc6 3. d4 cxd4 4. Nxd4 g6 5. c4 Bg7 6. Be3 Nf6 7. Nc3 O-O 8.
Be2 b6 9. Nxc6 dxc6 10. O-O Qxd1 11. Rfxd1 Ng4 12. Bd2 Bd4 13. Be1 Bg7 14. h3
Ne5 15. f4 Nd7 16. e5 Rd8 17. Bf3 Bb7 18. Rd2 Nc5 19. b4 Ne6 20. Rad1 Rxd2 21.
Bxd2 Nd4 22. Kf2 Nxf3 23. gxf3 f6 24. e6 f5 25. Be1 Ba6 26. b5 cxb5 27. Nd5 Bb7
28. Nxe7+ Kh8 29. cxb5 Re8 30. Rd7 Bf6 31. Bb4 Bc8 32. Nxc8 Rxc8 33. Rxa7 Re8
34. e7 Kg7 35. Kg3 Kf7 36. Rb7 Bd4 37. h4 Rc8 38. Kh3 Re8 39. Kg2 Be3 40. Kg3
h6 41. Rc7 Bd4 42. Rc6 Be3 43. h5 Ra8 44. hxg6+ Kg7 45. Bc3+ Kg8 46. Rd6 Re8
47. Rd8 Bd4 48. Bxd4 1-0

[Event "ICS rated blitz match"]
[Site "204.178.125.65"]
[Date "2000.03.13"]
[Round "?"]
[White "Kobra"]
[Black "Hossa"]
[Result "0-1"]
[WhiteElo "2374"]
[BlackElo "2511"]
[PlyCount "80"]

1. e4 e5 2. Nf3 Nc6 3. Bb5 a6 4. Bxc6 dxc6 5. O-O Bg4 6. h3 h5 7. d3 Qf6 8. Be3
Bxf3 9. Qxf3 Qxf3 10. gxf3 Nf6 11. f4 exf4 12. Bxf4 O-O-O 13. Nd2 Be7 14. Nf3
b6 15. Kh2 Kb7 16. Rae1 Bd6 17. Bg3 h4 18. Bxd6 cxd6 19. Rg1 g6 20. Ng5 Rd7 21.
f4 Nh5 22. Rgf1 Re7 23. Rf2 f6 24. Nf3 Nxf4 25. Nd4 g5 26. Nf5 Rd7 27. Ref1 d5
28. Re1 dxe4 29. Rxe4 Rhd8 30. Rf1 Rd5 31. Ng7 f5 32. Rexf4 gxf4 33. Rxf4 Re5
34. Rf2 f4 35. c3 Rxd3 36. Kg2 Rg3+ 37. Kh2 f3 38. Kh1 Rxh3+ 39. Kg1 Rg5+ 40.
Rg2 Rxg2+ 0-1

[Event "ICS rated blitz match"]
[Site "204.178.125.65"]
[Date "2000.03.13"]
[Round "?"]
[White "Hossa"]
[Black "Kobra"]
[Result "1-0"]
[WhiteElo "2521"]
[BlackElo "2364"]
[PlyCount "95"]

1. e4 c5 2. Nf3 Nc6 3. d4 cxd4 4. Nxd4 g6 5. Nc3 Bg7 6. Be3 Nf6 7. Bc4 O-O 8.
Bb3 a5 9. f3 d5 10. Bxd5 Nxd4 11. Bxd4 a4 12. a3 Qa5 13. O-O Rd8 14. Qd2 e6 15.
Qe3 Ra6 16. Bxf6 Bxf6 17. e5 Be7 18. Kh1 exd5 19. Rfd1 Be6 20. g3 Qb6 21. Qxb6
Rxb6 22. Nxa4 Rc6 23. Rd2 Ra8 24. Nc3 Rd8 25. Na4 Rdc8 26. Nc3 Rc4 27. Nxd5
Bxd5 28. Rxd5 Rxc2 29. Rd7 Kf8 30. Rxb7 Rd8 31. b4 Rdd2 32. h3 Rh2+ 33. Kg1
Rxh3 34. Rb8+ Kg7 35. f4 Rxg3+ 36. Kh1 Rf3 37. Rb7 Rxf4 38. Rxe7 Rc3 39. e6 h5
40. Rxf7+ Rxf7 41. exf7 Kxf7 42. a4 g5 43. b5 Ke7 44. a5 g4 45. a6 h4 46. a7
Rh3+ 47. Kg2 Rg3+ 48. Kf2 1-0

[Event "ICS rated blitz match"]
[Site "204.178.125.65"]
[Date "2000.03.13"]
[Round "?"]
[White "Kobra"]
[Black "Hossa"]
[Result "0-1"]
[WhiteElo "2355"]
[BlackElo "2530"]
[PlyCount "120"]

1. e4 e5 2. Nf3 Nc6 3. Bb5 a6 4. Bxc6 dxc6 5. O-O f6 6. d4 exd4 7. Nxd4 c5 8.
Nb3 Qxd1 9. Rxd1 Bg4 10. f3 Be6 11. Nc3 Bd6 12. Be3 b6 13. a4 O-O-O 14. a5 Kb7
15. axb6 cxb6 16. e5 Bc7 17. Rxd8 Bxd8 18. Bxc5 fxe5 19. Bf8 Bf6 20. Ne4 Bxb3
21. cxb3 Ne7 22. Nxf6 Rxf8 23. Nxh7 Rd8 24. Re1 Nc6 25. Ng5 Rd3 26. Nf7 Rxb3
27. Re2 Nd4 28. Rxe5 Rxb2 29. h4 Rc2 30. h5 Rc7 31. Nd8+ Kc8 32. Re8 Kd7 33.
Rg8 Rc8 34. Rxg7+ Kxd8 35. h6 Rc1+ 36. Kh2 Rc6 37. h7 Rh6+ 38. Kg1 a5 39. Rg8+
Kd7 40. h8=Q Rxh8 41. Rxh8 b5 42. Kf2 Kc6 43. g4 a4 44. g5 b4 45. Ke3 Nf5+ 46.
Kf4 Nd4 47. g6 b3 48. Ke5 Nxf3+ 49. Kf6 a3 50. g7 a2 51. Ra8 b2 52. g8=Q a1=Q
53. Qc4+ Kb7 54. Qd5+ Kc7 55. Qc5+ Kd7 56. Qd5+ Kc7 57. Qf7+ Kc6 58. Qb3 b1=Q+
59. Ke7 Qg7+ 60. Ke6 Qe4# 0-1

[Event "ICS rated blitz match"]
[Site "204.178.125.65"]
[Date "2000.03.13"]
[Round "?"]
[White "Hossa"]
[Black "Kobra"]
[Result "1-0"]
[WhiteElo "2539"]
[BlackElo "2346"]
[PlyCount "99"]

1. d4 Nf6 2. c4 g6 3. Nc3 Bg7 4. e4 O-O 5. f3 d6 6. Be3 Nc6 7. Nge2 a6 8. Qb3
Rb8 9. O-O-O Na5 10. Qa4 c6 11. Qb4 Nd7 12. c5 Re8 13. cxd6 exd6 14. Qxd6 Nc4
15. Qf4 Nxe3 16. Qxe3 b5 17. Kb1 Nb6 18. Nf4 Qe7 19. Nd3 Nc4 20. Qf2 Rd8 21.
Nc5 Be6 22. Bxc4 Bxc4 23. Nxa6 Ra8 24. Nc5 Rxd4 25. Rxd4 Bf8 26. Nd7 Bg7 27.
Rhd1 h6 28. g4 Kh7 29. e5 Qb4 30. Nb6 Qa5 31. Nxa8 Be6 32. Rd8 b4 33. Qb6 Qxe5
34. Qxb4 Qxh2 35. Ne4 Qf4 36. Qd6 Qxf3 37. Qxc6 Qxg4 38. Nc7 Bf5 39. Re1 Qg2
40. Qc2 Qg4 41. Qd3 Qg2 42. Rb8 Qg4 43. Re8 Qg2 44. Qb5 Qd2 45. Qe2 Qd4 46. Ka1
Qa7 47. Nb5 Qa4 48. Ng5+ hxg5 49. Rh1+ Bh6 50. Qe5 1-0

[Event "ICS rated blitz match"]
[Site "204.178.125.65"]
[Date "2000.03.13"]
[Round "?"]
[White "Hossa"]
[Black "Kobra"]
[Result "1/2-1/2"]
[WhiteElo "2554"]
[BlackElo "2331"]
[PlyCount "87"]

1. e4 c5 2. Nf3 Nc6 3. d4 cxd4 4. Nxd4 g6 5. Nc3 Bg7 6. Be3 Nf6 7. Bc4 O-O 8.
Bb3 a5 9. f3 d5 10. Bxd5 Nxd4 11. Bxd4 a4 12. a3 Qa5 13. O-O Rd8 14. Qd2 e6 15.
Qe3 Ra6 16. Bxf6 Bxf6 17. e5 Be7 18. Kh1 exd5 19. Rfd1 Be6 20. g3 Kg7 21. Qd4
Bc5 22. Qh4 Qb6 23. Nxa4 Rxa4 24. Qxa4 d4 25. b4 Be7 26. Rd3 Bc4 27. Rd2 Bd5
28. Rf1 Bg5 29. Rdd1 Rc8 30. Qd7 Be6 31. Qxd4 Qxd4 32. Rxd4 Rxc2 33. f4 Be7 34.
Ra1 Bg4 35. Rd3 Bf5 36. Rd4 Bg4 37. Rd3 Bh3 38. Rad1 Bg2+ 39. Kg1 Bc6 40. R3d2
Rc3 41. Rd3 Rc2 42. R3d2 Rc3 43. Rd3 Rc2 44. R3d2 1/2-1/2

[Event "ICS rated blitz match"]
[Site "204.178.125.65"]
[Date "2000.03.13"]
[Round "?"]
[White "QueenMaxima"]
[Black "Hossa"]
[Result "1-0"]
[WhiteElo "2413"]
[BlackElo "2545"]
[PlyCount "145"]
[EventDate "2000.??.??"]

1. d4 d5 2. c4 e6 3. Nc3 Nf6 4. Nf3 Bb4 5. g3 dxc4 6. Bg2 c5 7. O-O O-O 8. dxc5
Nc6 9. Qa4 Qa5 10. Qxa5 Nxa5 11. Be3 Nc6 12. Nd4 Bxc3 13. Nxc6 Bxb2 14. Ne7+
Kh8 15. Rab1 Ba3 16. Nxc8 Raxc8 17. Bxb7 Rce8 18. c6 Nd5 19. Bxa7 Nc3 20. Rbe1
Bd6 21. Bb6 Nxa2 22. c7 Nc3 23. h4 Nd5 24. c8=Q Rxc8 25. Bxc8 Rxc8 26. Ba5 c3
27. Ra1 e5 28. Rfc1 Kg8 29. e4 Nb4 30. Ra3 c2 31. Bxb4 Bxb4 32. Ra2 Rd8 33.
Raxc2 Bf8 34. Rc8 Rd7 35. Rb1 f6 36. Rbb8 Rf7 37. h5 f5 38. Re8 fxe4 39. Rxe5
Rf6 40. Rxe4 Rf5 41. Ree8 Rf6 42. Kg2 Rf7 43. f3 Rf6 44. Kf2 Rf7 45. Ke3 Rf6
46. g4 h6 47. f4 Rf7 48. Ke4 Rf6 49. Ke5 Rf7 50. Rbc8 Rf6 51. g5 hxg5 52. h6
Kh7 53. fxg5 Rf1 54. Rxf8 Re1+ 55. Kd4 gxh6 56. Rh8+ Kg6 57. gxh6 Kh5 58. h7
Rd1+ 59. Kc5 Rc1+ 60. Kb4 Rb1+ 61. Ka3 Rb7 62. Rc2 Kg6 63. Rg2+ Kh6 64. Rh2+
Kg5 65. Rg8+ Kf4 66. h8=Q Ra7+ 67. Kb4 Rb7+ 68. Kc5 Rc7+ 69. Kd6 Rd7+ 70. Kxd7
Ke4 71. Qh4+ Ke5 72. Rg5+ Kf6 73. Rf2# 1-0

[Event "ICS rated blitz match"]
[Site "204.178.125.65"]
[Date "2000.03.13"]
[Round "?"]
[White "Hossa"]
[Black "Kobra"]
[Result "0-1"]
[WhiteElo "2523"]
[BlackElo "2340"]
[PlyCount "136"]

1. e4 c5 2. Nf3 Nc6 3. d4 cxd4 4. Nxd4 g6 5. Nc3 Bg7 6. Be3 Nf6 7. Bc4 O-O 8.
Bb3 a5 9. f3 d5 10. Bxd5 Nxd4 11. Bxd4 a4 12. a3 Qa5 13. O-O Rd8 14. Qd2 e6 15.
Qe3 Ra6 16. Bxf6 Bxf6 17. e5 Be7 18. Kh1 exd5 19. Rfd1 Be6 20. g3 Qc7 21. Rd2
Qc6 22. Qf4 Bf8 23. Qf6 Raa8 24. Rad1 Bg7 25. Qf4 Rd7 26. Qd4 Bf8 27. Qd3 Rc8
28. Qb5 Bg7 29. f4 Bg4 30. Qxc6 bxc6 31. Re1 Bf8 32. Nxa4 Ra8 33. Nb6 Bf3+ 34.
Rg2 Rda7 35. Nxa8 Rxa8 36. e6 Bxg2+ 37. Kxg2 Re8 38. exf7+ Kxf7 39. Rxe8 Kxe8
40. a4 Kd7 41. a5 Kc7 42. c3 Kb7 43. g4 Ka6 44. f5 gxf5 45. gxf5 Kxa5 46. f6
Ka4 47. Kf3 Kb3 48. f7 Kxb2 49. Kf4 Kxc3 50. Kf5 d4 51. Ke6 d3 52. Kd7 Bh6 53.
Ke8 d2 54. f8=Q Bxf8 55. Kxf8 d1=Q 56. h4 c5 57. Kg7 c4 58. h5 Kb3 59. Kf6 c3
60. Ke5 c2 61. h6 c1=Q 62. Kf6 Qc6+ 63. Ke5 Qdd5+ 64. Kf4 Qcc4+ 65. Kg3 Qdd3+
66. Kg2 Qcc3 67. Kf2 Qdd2+ 68. Kg1 Qcc1# 0-1

[Event "ICS rated blitz match"]
[Site "204.178.125.65"]
[Date "2000.03.13"]
[Round "?"]
[White "Kobra"]
[Black "Hossa"]
[Result "0-1"]
[WhiteElo "2375"]
[BlackElo "2499"]
[PlyCount "86"]

1. e4 e5 2. Nf3 Nc6 3. Bb5 a6 4. Bxc6 dxc6 5. O-O f6 6. d4 exd4 7. Nxd4 c5 8.
Nb3 Qxd1 9. Rxd1 Bg4 10. f3 Be6 11. Nc3 Bd6 12. Be3 b6 13. a4 O-O-O 14. a5 Kb7
15. axb6 cxb6 16. e5 Bc7 17. Rxd8 Bxd8 18. Bxc5 fxe5 19. Bf8 Bf6 20. Ne4 Bxb3
21. cxb3 Ne7 22. Nxf6 Rxf8 23. Nxh7 Rf4 24. Re1 Nc6 25. Re4 Rxe4 26. fxe4 Nd4
27. Ng5 Nxb3 28. h4 Nc5 29. g4 Kc6 30. Nf7 Nd3 31. h5 Kd7 32. Kf1 Ke6 33. Nd8+
Kf6 34. b3 a5 35. Nc6 Nc5 36. Kg2 Nxb3 37. Kh3 Nd2 38. Na7 Nxe4 39. Nb5 Kg5 40.
Nc7 Nf2+ 41. Kg3 Nxg4 42. Ne6+ Kxh5 43. Nxg7+ Kg6 0-1

[Event "ICS rated blitz match"]
[Site "204.178.125.65"]
[Date "2000.03.13"]
[Round "?"]
[White "Kobra"]
[Black "Hossa"]
[Result "0-1"]
[WhiteElo "2354"]
[BlackElo "2520"]
[PlyCount "28"]

1. e4 e5 2. Nf3 Nc6 3. Bb5 Nf6 4. d4 exd4 5. e5 Ne4 6. O-O a6 7. Bxc6 dxc6 8.
Re1 Qd5 9. Nxd4 Bc5 10. c3 Bb6 11. Be3 O-O 12. Na3 Qxe5 13. Nc4 Qf6 14. Nxb6
cxb6 0-1

[Event "ICS rated blitz match"]
[Site "204.178.125.65"]
[Date "2000.03.13"]
[Round "?"]
[White "Hossa"]
[Black "Kobra"]
[Result "1-0"]
[WhiteElo "2529"]
[BlackElo "2326"]
[PlyCount "41"]

1. e4 c5 2. Nf3 Nc6 3. Bb5 g6 4. O-O Bg7 5. c3 Nf6 6. Re1 O-O 7. d4 d5 8. exd5
Qxd5 9. c4 Qh5 10. d5 Nd4 11. Nxd4 Qxd1 12. Rxd1 cxd4 13. Rxd4 Bd7 14. Nc3 a6
15. Bxd7 Nxd7 16. Re4 Rfe8 17. Bg5 Bf8 18. Rae1 Nc5 19. R4e3 Rac8 20. Bxe7 Bh6
21. Bxc5 1-0

[Event "ICS rated blitz match"]
[Site "204.178.125.65"]
[Date "2000.03.13"]
[Round "?"]
[White "Kobra"]
[Black "Hossa"]
[Result "0-1"]
[WhiteElo "2318"]
[BlackElo "2537"]
[PlyCount "82"]

1. e4 e5 2. Nf3 Nc6 3. Bb5 a6 4. Bxc6 dxc6 5. O-O Bg4 6. h3 h5 7. d3 Qf6 8.
Nbd2 Ne7 9. Nc4 Bxf3 10. Qxf3 Qxf3 11. gxf3 Ng6 12. Kh2 b5 13. Ne3 Nh4 14. Kg3
Be7 15. Ng2 Ng6 16. f4 a5 17. fxe5 Nxe5 18. f4 Nd7 19. Kf3 Rg8 20. Ne3 Bc5 21.
Bd2 a4 22. a3 O-O-O 23. Rg1 Rde8 24. Rg5 g6 25. Re1 Bd4 26. c3 Bf6 27. Rg2 Nc5
28. Ke2 Rd8 29. e5 Bh4 30. Rf1 Nxd3 31. Nc2 Nxb2 32. Nd4 Nc4 33. Bc1 Kb7 34.
Kf3 c5 35. Nxb5 Kb6 36. Re2 Rd3+ 37. Ke4 Rxh3 38. Nd4 cxd4 39. cxd4 Nd6+ 40.
Kd5 c6+ 41. Kxd6 Rd8# 0-1

[Event "ICS rated blitz match"]
[Site "204.178.125.65"]
[Date "2000.03.13"]
[Round "?"]
[White "Hossa"]
[Black "Kobra"]
[Result "1-0"]
[WhiteElo "2544"]
[BlackElo "2311"]
[PlyCount "69"]

1. d4 Nf6 2. c4 g6 3. Nc3 Bg7 4. e4 O-O 5. f3 d6 6. Be3 Nc6 7. Nge2 Rb8 8. d5
Ne5 9. Nf4 c5 10. g4 Nfxg4 11. fxg4 Nxg4 12. Ng2 e5 13. h4 h5 14. Qa4 a6 15.
O-O-O Bd7 16. Qc2 b5 17. Bd2 Qc8 18. Re1 Bf6 19. Ne3 Bd8 20. Nxg4 Bxg4 21. Bh6
Re8 22. cxb5 axb5 23. Bxb5 Re7 24. Ref1 Reb7 25. Ba6 Qc7 26. Bxb7 Qxb7 27. Qg2
Qb4 28. Qf2 Qb7 29. Nb5 f5 30. Nxd6 Qa6 31. Qxc5 Qxa2 32. Qc3 Ba5 33. Qxe5 Qa1+
34. Kc2 Qa4+ 35. Kb1 1-0

[Event "ICS rated blitz match"]
[Site "204.178.125.65"]
[Date "2000.03.13"]
[Round "?"]
[White "WitPaard"]
[Black "Hossa"]
[Result "1/2-1/2"]
[WhiteElo "2163"]
[BlackElo "2551"]
[PlyCount "114"]

1. e4 c5 2. Nf3 e6 3. d4 cxd4 4. Nxd4 Nf6 5. Nc3 d6 6. g4 a6 7. g5 Nfd7 8. h4
b5 9. h5 Bb7 10. Qf3 Ne5 11. Qg2 b4 12. Nce2 d5 13. f4 Nc4 14. e5 Nc6 15. g6
Qc7 16. b3 Nxd4 17. Nxd4 Nxe5 18. gxf7+ Nxf7 19. Bb2 Bc8 20. O-O-O Qxf4+ 21.
Kb1 Qe3 22. Bd3 Bd7 23. Rhe1 Qg5 24. Qh1 Nd8 25. Bc1 Qe7 26. Nf5 Qc5 27. Be3
Qa5 28. Bd4 Rg8 29. h6 g6 30. Ng7+ Ke7 31. Qh2 Bb5 32. Qh4+ Kd7 33. Qf6 Be7 34.
Qe5 Bd6 35. Qf6 Rf8 36. Qg5 Bf4 37. Qg4 Bxd3 38. Rxd3 Kc7 39. Nxe6+ Nxe6 40.
Qxe6 Rae8 41. Qxe8 Rxe8 42. Rxe8 Bxh6 43. Re7+ Kc8 44. Be5 Qb5 45. Rxh7 d4 46.
Rh8+ Kd7 47. Bxd4 Bg5 48. Rh7+ Kc8 49. Rh8+ Kd7 50. Bf6+ Ke6 51. Bxg5 Qxg5 52.
Ra8 a5 53. Ra6+ Ke7 54. Ra7+ Ke6 55. Ra6+ Ke7 56. Ra7+ Ke6 57. Ra6+ Ke7 1/2-1/2

[Event "ICS rated blitz match"]
[Site "204.178.125.65"]
[Date "2000.03.13"]
[Round "?"]
[White "Kobra"]
[Black "Hossa"]
[Result "0-1"]
[WhiteElo "2306"]
[BlackElo "2538"]
[PlyCount "84"]

1. e4 c5 2. Nf3 e6 3. d4 cxd4 4. Nxd4 Nf6 5. Nc3 d6 6. g3 a6 7. Bg2 Qc7 8. O-O
Be7 9. Nb3 Nc6 10. g4 O-O 11. g5 Nd7 12. f4 b5 13. f5 Qa7+ 14. Kh1 b4 15. Ne2
Bb7 16. Nf4 Nd8 17. g6 hxg6 18. fxg6 Rc8 19. Nd4 Ne5 20. Be3 Ba8 21. Bg1 Qd7
22. Qh5 fxg6 23. Nxg6 Nxg6 24. Qxg6 Bf6 25. Rad1 Nc6 26. Nf3 Ne7 27. Qg4 Rxc2
28. Ng5 Bxg5 29. Rxf8+ Kxf8 30. Qxg5 Kg8 31. Rd3 Rxb2 32. Rg3 Nc6 33. h4 Rxa2
34. h5 Ra5 35. Qg6 Qf7 36. Qg4 Rxh5+ 37. Bh2 Ne5 38. Qd1 Nc4 39. Qd4 e5 40. Qb6
Nxb6 41. Rd3 Bxe4 42. Rd2 Qf1# 0-1

[Event "ICS rated blitz match"]
[Site "204.178.125.65"]
[Date "2000.03.13"]
[Round "?"]
[White "Hossa"]
[Black "Kobra"]
[Result "0-1"]
[WhiteElo "2545"]
[BlackElo "2299"]
[PlyCount "128"]

1. e4 c5 2. Nf3 Nc6 3. d4 cxd4 4. Nxd4 g6 5. Nc3 Bg7 6. Be3 Nf6 7. Bc4 O-O 8.
Bb3 a5 9. f3 d5 10. Bxd5 Nxd4 11. Bxd4 a4 12. a3 Qa5 13. O-O Rd8 14. Qd2 e6 15.
Qe3 Ra6 16. Bxf6 Bxf6 17. e5 Be7 18. Kh1 exd5 19. Rfd1 Be6 20. g3 Qc7 21. Rd2
Bf8 22. Rad1 Qc6 23. Ne4 dxe4 24. Rxd8 exf3 25. Qf2 Kg7 26. R1d3 Be7 27. Rb8
Bc5 28. Qxf3 Qxf3+ 29. Rxf3 Bd5 30. Kg2 Rb6 31. Rc8 Bd4 32. g4 Bxe5 33. g5 Rxb2
34. Kf2 Bxf3 35. Kxf3 Ra2 36. Kg2 Rxa3 37. Rc5 Bd6 38. Rc4 Ra2 39. Rc8 b5 40.
h4 b4 41. Kf3 b3 42. cxb3 axb3 43. Rc6 b2 44. Rb6 Ba3 45. Kf4 Ra1 46. Kf3 b1=Q
47. Rxb1 Rxb1 48. h5 gxh5 49. Ke4 Kg6 50. Kf4 h4 51. Kf3 Rb4 52. Kf2 Kxg5 53.
Ke3 Kg4 54. Ke2 Rb2+ 55. Ke3 h3 56. Kd4 h2 57. Kc4 h1=Q 58. Kc3 Qc1+ 59. Kd4
Rd2+ 60. Ke5 Qe1+ 61. Kf6 Rf2+ 62. Kg7 Qe7 63. Kg8 Qf8+ 64. Kxh7 Rh2# 0-1

[Event "ICS rated blitz match"]
[Site "204.178.125.65"]
[Date "2000.03.13"]
[Round "?"]
[White "Kobra"]
[Black "Hossa"]
[Result "0-1"]
[WhiteElo "2325"]
[BlackElo "2519"]
[PlyCount "40"]

1. e4 e5 2. Nf3 Nc6 3. Bb5 a6 4. Bxc6 dxc6 5. O-O Bg4 6. h3 h5 7. d3 Qf6 8.
Nbd2 Ne7 9. Re1 Ng6 10. Nf1 Bxf3 11. Qxf3 Qxf3 12. gxf3 Nh4 13. Nh2 g5 14. Kf1
f6 15. Ke2 O-O-O 16. Nf1 Ng2 17. Rd1 Bb4 18. c3 Bd6 19. Ne3 Nf4+ 20. Kf1 Nxh3
0-1

[Event "ICS rated blitz match"]
[Site "204.178.125.65"]
[Date "2000.03.13"]
[Round "?"]
[White "Hossa"]
[Black "Kobra"]
[Result "0-1"]
[WhiteElo "2527"]
[BlackElo "2317"]
[PlyCount "120"]

1. e4 c5 2. Nf3 Nc6 3. d4 cxd4 4. Nxd4 g6 5. Nc3 Bg7 6. Be3 Nf6 7. Bc4 O-O 8.
Bb3 a5 9. f3 d5 10. Bxd5 Nxd4 11. Bxd4 a4 12. a3 Qa5 13. O-O Rd8 14. Qd2 e6 15.
Qe3 Ra6 16. Bxf6 Bxf6 17. e5 Be7 18. Kh1 exd5 19. Rfd1 Be6 20. g3 Qc7 21. Rd2
Bf8 22. Rad1 Qc6 23. Ne4 dxe4 24. Rxd8 exf3 25. Qf2 Kg7 26. R1d3 Be7 27. Rb8
Bc5 28. Qxf3 Qxf3+ 29. Rxf3 Bd5 30. Kg2 Rb6 31. Rc8 Bd4 32. g4 Bxe5 33. g5 Rxb2
34. Kf2 Bxf3 35. Kxf3 Bxh2 36. Ra8 b5 37. c4 bxc4 38. Rxa4 c3 39. Rc4 c2 40.
Ke3 Bd6 41. Kd2 Bxa3 42. Rxc2 Rxc2+ 43. Kxc2 Be7 44. Kc3 Bxg5 45. Kd3 h5 46.
Ke2 h4 47. Kf1 Bd8 48. Kf2 g5 49. Ke3 Kg6 50. Kd4 h3 51. Kc3 h2 52. Kc4 h1=Q
53. Kd4 Qe1 54. Kd3 g4 55. Kd4 g3 56. Kd5 g2 57. Kc4 g1=Q 58. Kb3 Qd4 59. Ka3
Qec3+ 60. Ka2 Qb2# 0-1